000 00318nam a2200133Ia 4500
005 20251222144858.0
008 251222s9999||||xx |||||||||||||| ||spa||
020 _a9786124126031
082 _a746.098.5/M61
245 0 _aTextiles de Pachacamac
250 _a1ra.ed.
264 _bMinisterio de Cultura
942 _cLIB
999 _c21883
_d21883